00478nam a2200169Ia 450000500170000000800410001702000140005804000190007204100120009108200200010310000230012324500720014626000260021830000130024465000410025785000100029820240217103424.0131103s9999 xx 000 0 und d cRs.175.00 aLoreto College aEnglish a362.196831bBHA aBhattacharjya,S.P. aIn the line of alzheimer's the mission continuescS.P.Bhattacharjya aCalcuttabARDSIc2009 axii,88p  aService to patients with Alzheimer's aLCLIB